000 00249nam a2200097Ia 4500
001 1250002
005 20251031150847.0
008 251031s9999 xx 000 0 und d
245 0 _cYILMAZ ERDOĞAN
_aE-4 BİR DİLEK TUT
260 _bTİMAŞ İLK GENÇ
999 _c1250002
_d1250002